000 00624cab a2200205 4500
001 WB2236-02
008 090401t1986 xxu||||| |||| 00| 0 eng d
035 _a(Sirsi) u64665
041 _aeng
245 _aChernobyl compensation revised
260 _c1986
300 _aWB2236-03
350 _a0
490 _aMAFF Press Release
_vNo 242 10/9/86 3 pages
520 _aThe Minister of Agriculture has announced details of revised compensation arrangements for sheep farmers affected by the Chernobyl nuclear disaster .
650 _aSHEEP FARMING
690 _aRURAL PRACTICE
942 _n0
948 _c04/03/1997
999 _c40286
_d40286